000 01487cas a2200409 a 4500
001 ocm56702263
003 OCoLC
005 20100827054318.0
008 041012c20009999sa ar w 0 a0eng c
010 _a 2005267003
040 _aOI@
_cOI@
_dYLS
_dOCLCQ
_dYLS
_dOCLCQ
_dHVL
022 _a1812-2418
_l1812-2418
029 1 _aNLGGC
_b273297376
029 1 _aAU@
_b000027401268
029 1 _aNZ1
_b11696216
035 _a(OCoLC)56702263
037 _bJuta Law, PO Box 24299, Landsdowne, South Africa 7779
042 _apcc
043 _af------
050 4 _aKQC572.A53
_bA37
082 0 4 _a341.48
_222
049 _aSZTA
245 0 0 _aAfrican human rights law reports.
246 3 _aAHRLR
260 _aLansdowne [South Africa] :
_bJuta Law,
_c2004-
300 _av. ;
_c25 cm.
310 _aAnnual
362 0 _a2000-
500 _aContains decisions from: The United Nations human rights treaty bodies, The African Commission on Human and People's Rights, and domestic courts across Africa.
550 _aIssued by the Centre for Human Rights, University of Pretoria, in cooperation with the Institute for Human Rights and Development in Africa, Banjul, The Gambia.
650 0 _aHuman rights
_zAfrica
_vCases.
650 0 _aCivil rights
_zAfrica
_vCases.
710 2 _aAfrican Commission on Human and Peoples' Rights.
710 2 _aUniversity of Pretoria.
_bCentre for Human Rights.
710 2 _aInstitute for Human Rights and Development.
994 _aC0
_bSZT
999 _c1032
_d1032